| 000 | 00978cam a2200289 a 4500 | ||
|---|---|---|---|
| 008 | |||
| 020 | _a156134060X (pbk. ) | ||
| 049 | _aMAIN | ||
| 050 | 0 | 0 | _aHN59.2 TAK |
| 245 | 0 | 0 |
_aTaking sides : _bclashing views on controversial social issues / _c[edited, selected, and with introductions by] Kurt Finsterbusch and George McKenna. |
| 250 | _a7th ed. | ||
| 260 |
_aGuilford: _bDushkin Pub. Group, _c1992. |
||
| 300 |
_axix, 384 p. : _bill. ; _c24 cm. |
||
| 500 | _aIncludes index. | ||
| 504 | _aIncludes bibliographical references. | ||
| 651 | 0 |
_aUnited States _xSocial conditions. |
|
| 651 | 0 |
_aUnited States _xSocial policy. |
|
| 650 | 0 |
_aSocial conflict _zUnited States. |
|
| 700 | 1 | _aFinsterbusch, Kurt. | |
| 700 | 1 | _aMcKenna, George. | |
| 740 | 0 | _aClashing views on controversial social issues. | |
| 907 |
_a.b10228202 _b08-02-07 _c30-01-07 |
||
| 003 | |||
| 005 | 20230123134345.0 | ||
| 040 | _cNUST | ||
| 942 | _cBOOKS | ||
| 999 |
_c164493 _d164493 |
||